| 000 | 02694cam a22003014a 4500 | ||
|---|---|---|---|
| 020 | _a1844070867 (alk. paper) | ||
| 082 | 0 | 0 | _a307.1412/0951 |
| 245 | 0 | 0 |
_aCommunity participation in China : _bissues and processes for capacity building / _cedited by Janelle Plummer and John G. Taylor. |
| 260 |
_aLondon ; _aSterling, VA : _bEarthscan, _c2004. |
||
| 300 |
_axxv, 358 p. : _bill. ; _c24 cm. |
||
| 504 | _aIncludes bibliographical references (p. [345]-349) and index. | ||
| 650 | 0 |
_aEconomic development projects _924590 |
|
| 650 | 0 |
_aRural development _924591 |
|
| 650 | 0 |
_aCommunity organization _924592 |
|
| 650 | 0 |
_aCommunity development _924593 |
|
| 650 | 0 |
_aLocal government _924594 |
|
| 700 | 1 |
_aPlummer, Janelle. _924595 |
|
| 700 | 1 |
_aTaylor, John G., _d1947- _924596 |
|
| 710 | 1 | _924597 | |
| 710 | 2 | _924598 | |
| 942 |
_2ddc _cBK |
||
| 999 |
_c586328 _d586328 |
||